[Event "Dragnet for Dunst players! Dun du dun-dun "]
[Site "SchemingMind.com"]
[Date "2006.04.24"]
[Round "-"]
[White "TiltingWindmills"]
[Black "faulty"]
[Result "0-1"]
[WhiteCountry "USA"]
[BlackCountry "USA"]
[WhiteElo "1220"]
[WhiteRD "71"]
[BlackElo "1788"]
[BlackRD "97"]
[GameID "47792"]

1. Nc3 Nc6 2. e4 e5 3. Bc4 Nf6 4. Nf3 Bc5 5. d3 h6 6. Be3 Bxe3 7. fxe3 d6 8. Qe2 Na5 9. O-O-O Bd7 10. d4 Nxc4
11. Qxc4 exd4 12. exd4 O-O 13. d5 Ng4 14. Rhf1 Ne3 15. Qe2 Nxd1 16. Qxd1 Bg4 17. a3 f5 18. exf5 Bxf5 19. Nd4 Bd7 20. Rxf8+ Qxf8
21. Qf3 Qxf3 22. gxf3 Rf8 23. Ne4 Rf4 24. Ne2 Rxf3 25. Ng1 Rf1+ 26. Kd2 Rxg1 27. h4 Bf5 28. Kc3 Bxe4 29. Kd4 Bxc2 30. Kc3 Rg2
31. h5 Kf7 32. b3 Kf6 33. a4 Ke5 34. Kc4 Rg3 35. Kb4 Kxd5 36. a5 Rxb3+ 37. Ka4 Kc4 38. a6 Rh3+ 39. Ka5 Ra3#
0-1

[Event "Dragnet for Dunst players! Dun du dun-dun "]
[Site "SchemingMind.com"]
[Date "2006.04.24"]
[Round "-"]
[White "judgmentality"]
[Black "faulty"]
[Result "0-1"]
[WhiteCountry "USA"]
[BlackCountry "USA"]
[WhiteElo "1264"]
[WhiteRD "60"]
[BlackElo "1777"]
[BlackRD "94"]
[GameID "47794"]

1. Nc3 Nc6 2. Nf3 Nf6 3. e4 e5 4. Bb5 d6 5. O-O Be7 6. Qe2 O-O 7. d3 Bd7 8. Bg5 h6 9. Bh4 Nd4 10. Bxd7 Nxe2+
11. Nxe2 Qxd7 12. Rae1 g5
0-1

[Event "Dragnet for Dunst players! Dun du dun-dun "]
[Site "SchemingMind.com"]
[Date "2006.04.24"]
[Round "-"]
[White "MatdeInverses"]
[Black "faulty"]
[Result "1/2-1/2"]
[WhiteCountry "USA"]
[BlackCountry "USA"]
[WhiteElo "1978"]
[WhiteRD "46"]
[BlackElo "1777"]
[BlackRD "94"]
[GameID "47795"]

1. Nc3 Nc6 2. e4 e5 3. f4 exf4 4. Nf3 g5 5. h4 g4 6. Ng5 h6 7. Nxf7 Kxf7 8. Bc4+ Ke8 9. Qxg4 Ke7 10. Bxg8 Ne5
11. Qxf4 Bg7 12. d4 Qxg8 13. dxe5 c6 14. O-O Qe6 15. Qf5 Bxe5 16. Qxe6+ Kxe6 17. Bd2 d6 18. Rf3 Ke7 19. Raf1 Be6 20. b3 Rag8
21. Ne2 Rg4 22. h5 Rxe4 23. Nf4 Bxf4 24. Rxf4= Rxf4 25. Rxf4 Rg8 26. Rh4 Rh8 27. Rb4 Bc8 28. Re4+ Be6 29. Rb4 Bc8 30. Re4+ Be6
31. Rb4
1/2-1/2

[Event "Dragnet for Dunst players! Dun du dun-dun "]
[Site "SchemingMind.com"]
[Date "2006.04.24"]
[Round "-"]
[White "mart_r3000"]
[Black "faulty"]
[Result "0-1"]
[WhiteCountry "ENG"]
[BlackCountry "USA"]
[WhiteElo "1260"]
[WhiteRD "61"]
[BlackElo "1751"]
[BlackRD "109"]
[GameID "47796"]

1. Nc3 Nc6 2. e4 e5 3. Nf3 Nf6 4. d4 exd4 5. Nxd4 d6 6. Bb5 Bd7 7. O-O Be7 8. Nf5 Bxf5 9. exf5 O-O 10. Re1 d5
11. Qd3 h6 12. Qg3 Bd6 13. Bf4 Bxf4 14. Qxf4 a6 15. Bd3 Qd7 16. Re3 d4 17. Rg3 Nh5 18. Rxg7+ Kxg7 19. Qg4+ Kh8 20. Qxh5 f6
21. Qf3 dxc3 22. bxc3 Qg7 23. g3 Rab8 24. Qf4 Ne5 25. Rb1 Qg5 26. Qh4 Nf3+ 27. Kg2 Nxh4+ 28. Kh3 Nxf5
0-1

[Event "Dragnet for Dunst players! Dun du dun-dun "]
[Site "SchemingMind.com"]
[Date "2006.04.24"]
[Round "-"]
[White "Rotceh"]
[Black "faulty"]
[Result "0-1"]
[WhiteCountry "MEX"]
[BlackCountry "USA"]
[WhiteElo "1551"]
[WhiteRD "105"]
[BlackElo "1777"]
[BlackRD "94"]
[GameID "47797"]

1. Nc3 Nc6 2. d4 d5 3. e4 Nf6 4. e5 Ne4 5. Bd3 e6 6. a3 Nxc3 7. bxc3 f5 8. exf6 Qxf6 9. Nf3 h6 10. Bf4 Bd6
11. Bg3 O-O 12. O-O Bd7 13. Qe2 a6 14. Rfe1 g5 15. Qe3 Rae8 16. Rf1 e5 17. dxe5 Nxe5 18. Bxe5 Bxe5 19. Qc5 Bxc3 20. Rab1 Bc6
21. a4 b6 22. Qa3 Bb7 23. Rfd1 g4 24. Bg6 gxf3 25. Bxe8 fxg2 26. f4 Qxf4 27. Qxc3 Qf2#
0-1